000 01109mam a2200313 a 4500
001 1953020
003 000080
005 20220326193248.0
008 910115s1990 cr a b f000 0 spa
010 _a 91105265
020 _a9977996903
035 _a(OCoLC)ocm23046618
040 _aDLC
_cDLC
043 _anccr---
050 0 0 _aLB3221
_b.C44 1990
082 _a727.1
_bC413e
100 1 _aCerdas Albertazzi, Ana Luisa.
_9402
245 1 3 _aEl edificio metálico /
_cAna Luisa Cerdas Albertazzi, Sandra Quirós Bonilla.
260 _a[San José, Costa Rica] :
_bComisión Nacional de Conmemoraciones Históricas,
_c1990.
300 _a92 p. :
_bill. ;
_c21 cm.
504 _aIncludes bibliographical references (p. 87).
650 0 _aSchool buildings
_zCosta Rica
_zSan José
_xHistory.
_9403
650 0 _aBuildings, Prefabricated
_zCosta Rica
_zSan José
_xHistory.
_9404
650 0 _aElementary schools
_zCosta Rica
_zSan José
_xHistory.
_9405
650 0 _aEdificios, Prefabricados
_9406
651 _aCosta Rica
_vEdificios públicos
_9407
700 1 _aQuirós Bonilla, Sandra.
_9408
999 _c81
_d81